000 00606nam a22001217a 4500
040 _cRUA
082 _aVEM TOU 2025 B705 Or.1
100 _aTOUCH BUNNY, ទូច ប៊ុន្នី
245 _aCase Of Salmonella SPP. On Chicken Meat At Market In Trapeang Sab Commune, Bati District, Takeo Province, ករណី Salmonella SPP. លើសាច់មាន់នៅផ្សារ ក្នុងឃុំត្រពាំងសាប ស្រុកបាទី ខេត្តតាកែវ
260 _aPHNOM PENH
_bRUA
_c2025
300 _aix,41p.
_bill.
_c2025
942 _cសារណាបទ
999 _c25552
_d25552